| 000 | 01062naa a22003137a 4500 | ||
|---|---|---|---|
| 001 | BR0104279 | ||
| 003 | BR-BrBNA | ||
| 005 | 20240918181920.0 | ||
| 007 | ta | ||
| 008 | 230509b bl.||||| |||| 00| 0 por d | ||
| 040 |
_aBR-BrBNA _bpor _cBiblioteca Nacional de Agricultura |
||
| 041 | _a(Pt) | ||
| 072 | _aK01 | ||
| 090 | _aK01 BR0104279 | ||
| 100 | 1 | _aAlencar, J. da C. | |
| 245 | 1 | _aFenologia de especies arboreas tropicais na Amazonia central | |
| 260 | 3 |
_aManaus, AM (Brasil): _c1998. |
|
| 500 | _aGascon, G.; Moutinho, P.(eds.) Floresta Amazonica: dinamica, regeneracao e manejo Manaus, AM (Brasil): 1998. p. 25-40 (BR0104279-AM)K01 | ||
| 650 | _aFenologia | ||
| 650 | _aArvore Florestal | ||
| 650 | _aFloracao | ||
| 650 | _aFrutificacao | ||
| 650 | _aClima | ||
| 650 | _aFloresta Tropical Umida | ||
| 650 | _aAmazonia | ||
| 773 | 0 |
_tFloresta Amazonica: dinamica, regeneracao e manejo _aGascon, G.; Moutinho, P.(eds.) _wK01 BR0104279 _gManaus, AM (Brasil), 1998. p. 25-40 |
|
| 909 |
_a202404 _bLucia _c55 _dLucia Elande |
||
| 942 |
_cAM _2AGRIS |
||
| 999 |
_c327505 _d327505 |
||